LEADER 00881nas a2200229 i 4500 001 000000139418 003 CaOOAMICUS 005 20100225000000.0 008 050523b2000 it uu u0 0mul r 013 $a113451 020 $a88-7653-612-4 040 $aSeMil$bita 245 10$aElenchus of Biblica 1996 /$cRobert Althann. 260 $aRoma :$bPontificio Istituto Biblico,$c2000. 300 $a690 p. ;$c24 cm. 700 1 $aAlthann, Robert,$c.$0(OLS)http://semarc/name/7157 850 $aSeMil 852 $aSeMil$W1$xVenegono$y1$m6 6 12$j92827$B92827$CSeMilBibl$Z2$F98071 $85 961 $aAbbonamento: Pontificio Istituto Biblico 996 $6020$a88-7653-612-4$9(OLS)http://semarc/number/127447 996 $6245$aElenchus of Biblica 1996$9(OLS)http://semarc/title/203708 996 $6260$aRoma :$bPontificio Istituto Biblico$9(OLS)http://semarc/publisher/30489 LEADER 01896nam a2200313 i 4500 001 000000059308 003 CaOOAMICUS 005 20250121111005.0 008 160405s1745 xx u000 u lat u 026 $as.o, sain s.n. IXsu (3) 1745 (R) 040 $aSeMil$bita 100 1 $aBauldry, Michel,$c.$0(OLS)http://semarc/name/30277 245 10$aManuale sacrarum caeremoniarum, juxta ritum S. Romanae Ecclesiae; in quo omnia, quae ad usum omnium cathedralium, collegiatarum, parochialium, saecularium, & regularium ecclesiarum pertinent, accuratissimè tractantur. Auctore Michaele Bauldry .. 250 $aEditio nona veneta, supra caeteras emendata, novisque additionibus locupletata; addita quinta parte loco caeremonialis episcoporum. 260 $aVenetiis :$bEx Typographia Balleoniana,$c1745. 300 $a[16], 432 p., [1] carta di tav. ripieg. ;$c4º. 500 $aSegn.: a8 A-2D8 500 $aIniz., fregi xilogr. 500 $aFregio xilogr. sul front. stampato in rosso e nero 500 $aCors. ; rom. 650 4$aLibri liturgici - Studi - Manuali.$0(OLS)http://semarc/subject/11924 650 4$aCerimoniale - Rito romano - Commentari e studi.$0(OLS)http://semarc/subject/59480 700 1 $aBaglioni,$c.$0(OLS)http://semarc/name/475 850 $aSeMil 852 $aSeMil$W1$xVenegono$y1$m3K IV 52 FA$j25461$B25461$CSeMilBibl$Z2$F25464 $8I 961 $aOmaggio: Biblioteca Seminario Seveso (fino al 1985) 996 $6245$aManuale sacrarum caeremoniarum, juxta ritum S. Romanae Ecclesiae; in quo omnia, quae ad usum omnium cathedralium, collegiatarum, parochialium, saecularium, & regularium ecclesiarum pertinent, accuratissimè tractantur. Auctore Michaele Bauldry ..$9(OLS)http://semarc/title/92638 996 $6260$aVenetiis :$bEx Typographia Balleoniana$9(OLS)http://semarc/publisher/29933